Cuentos de la mitología griega. (Record no. 66852)

MARC details
000 -LEADER
campo de control de longitud fija 00925nam a2200277 i 4500
001 - NÚMERO DE CONTROL
campo de control 66852
003 - IDENTIFICADOR DE NÚMERO DE CONTROL
campo de control ES-MaACL
005 - FECHA Y HORA DE LA ÚLTIMA TRANSACCIÓN
campo de control 20250825062629.0
007 - CAMPO FIJO DE DESCRIPCIÓN FÍSICA--INFORMACIÓN GENERAL
campo de control de longitud fija t|
008 - DATOS DE LONGITUD FIJA--INFORMACIÓN GENERAL
campo de control de longitud fija 970903s2001 sp a |||| | spa d
020 ## - NÚMERO INTERNACIONAL ESTÁNDAR DEL LIBRO
Número Internacional Estándar del Libro 84-7960-300-3
080 ## - NÚMERO DE LA CLASIFICACIÓN DECIMAL UNIVERSAL
Número de la Clasificación Decimal Universal 087.5:82
100 1# - ENTRADA PRINCIPAL--NOMBRE DE PERSONA
Nombre de persona Esteban Santos, Alicia.
9 (RLIN) 48074
245 10 - MENCIÓN DEL TÍTULO
Título Cuentos de la mitología griega.
Número de parte o sección de la obra 1,
Nombre de parte o sección de la obra En los cielos y en los infiernos /
Mención de responsabilidad, etc. Alicia Esteban, Mercedes Aguirre ; ilustraciones de Siro López.
250 ## - MENCION DE EDICION
Mención de edición 2ª ed.
260 ## - PUBLICACIÓN, DISTRIBUCIÓN, ETC.
Lugar de publicación, distribución, etc. Madrid :
Nombre del editor, distribuidor, etc. Ediciones de la Torre,
Fecha de publicación, distribución, etc. 2001.
300 ## - DESCRIPCIÓN FÍSICA
Extensión 126 p. :
Otras características físicas il. ;
Dimensiones 21 cm.
490 1# - MENCIÓN DE SERIE
Mención de serie Alba y mayo. Narrativa ;
Designación de volumen o secuencia 15
650 #4 - PUNTO DE ACCESO ADICIONAL DE MATERIA--TÉRMINO DE MATERIA
Término de materia o nombre geográfico como elemento de entrada Mitología griega-
Subdivisión de forma Libros infantiles.
9 (RLIN) 161016
655 #7 - TERMINO DE INDIZACIÓN--GENERO/FORMA
Datos o término principal de género/forma Libros infantiles
Fuente del término tgfbne
9 (RLIN) 226786
700 1# - ENTRADA AGREGADA--NOMBRE PERSONAL
Nombre de persona Aguirre, Mercedes.
9 (RLIN) 18842
700 0# - ENTRADA AGREGADA--NOMBRE PERSONAL
Nombre de persona Siro.
9 (RLIN) 106682
830 1# - PUNTO DE ACCESO ADICIONAL DE SERIE-TÍTULO UNIFORME
Título uniforme Alba y mayo. Narrativa ;
Designación de volumen o secuencia 15
9 (RLIN) 225380
852 4# - LOCALIZACIÓN
Ubicación ES-MaACL
Número de control de estantería L-27338
Holdings
Estatus retirado Estado de pérdida Estado de daño No para préstamo Biblioteca de origen Biblioteca actual Ubicación en estantería Fecha de adquisición Fuente de adquisición Total de préstamos Signatura topográfica completa Código de barras Visto por última vez Precio de reemplazo Tipo de ítem Koha
        Biblioteca del Ateneo de Madrid Biblioteca del Ateneo de Madrid Depósito 2 17/01/2008     L-27338 1070021 23/02/2023 23/02/2023 Libro impreso